LDR 00833naa#a2200217#i#450# 001 EN\\bibl\123388 005 20260705215630.7 011 ## _a1994-4683 100 ## _a20230731b2023####ek#y0engy0150####ca 102 ## _aRU 200 1# _aPHYSICAL TRAINING FOR COMBAT WORK OF OPERATORS OF UNMANNED AERIAL VEHICLES _eJournal article 210 1# _aMoscow _cNational State University of Physical Education, Sports and Health named after P.F. Lesgaft _d2023 215 ## _a2 с. 608 ## _aJournal article _2local 675 ## _aФилософские и научно-теоретические основы физической культуры и спорта. 796.011 _z 700 #1 _aKalik _gV V 700 #1 _aKalitov _gA B 700 #1 _aEfimov _gV V 700 #1 _aTSirulnikov _gN N 700 #1 _aPonimasov _gOleg Evgen'evich 856 4# _auchzapiski.lesgaft.spb.ru _u